Digitalizácia zvoleného komponentu

Guardado en:
Detalles Bibliográficos
Autor principal: Jehlár, Miroslav (Autor)
Otros Autores: Jurina, František (Orientador)
Formato: Manuscrito Libro
Lenguaje:eslovaco
Publicado: 2025
Materias:
Acceso en línea:http://is.stuba.sk/zp/portal_zp.pl?podrobnosti=176965
Etiquetas: Agregar Etiqueta
Sin Etiquetas, Sea el primero en etiquetar este registro!

MARC

LEADER 00000ntm a22000003a 4500
001 stuzp104114
003 SK-STU
005 20250628211230.3
007 ta
008 150427s2015----xo-----f-mn---000-0-slo-d
040 |a STU  |b slo 
041 0 |a slo 
100 1 |a Jehlár, Miroslav  |u 063000  |4 aut  |U MTF Materiálovotechnologická fakulta  |T MTF Ústav výrobných technológií  |X 122014  |U M3000  |Y 83  |7 122014 
242 0 1 |a Digitization of the selected component  |y eng 
245 1 0 |a Digitalizácia zvoleného komponentu 
260 |c 2025 
650 4 |a testovanie  |2 slo 
650 4 |a úprava  |2 slo 
650 4 |a menič  |2 slo 
650 4 |a digitalizácia  |2 slo 
650 4 |a digitalisation  |2 eng 
650 4 |a converter  |2 eng 
650 4 |a testing  |2 eng 
650 4 |a adjustment  |2 eng 
700 1 |a Jurina, František  |u 063200  |k Z2  |4 ths  |U MTF Ústav výrobných technológií  |T MTF Katedra obrábania a počítačovej podpory technológií  |X 46002  |U M3200  |Y 164  |7 A000046002 
856 4 |u http://is.stuba.sk/zp/portal_zp.pl?podrobnosti=176965 
996 |c M* BP-9941  |l MMSKP  |s P  |a 0  |w stuzp104114_0001